| 000 | 00532nam a2200169 a 4500 | ||
|---|---|---|---|
| 001 | 5077 | ||
| 003 | CDMR | ||
| 005 | 20130405114801.0 | ||
| 008 | 130130s1966||||||||||||||||||||||||||||d | ||
| 040 |
_aCDMR _bcat _cCDMR |
||
| 245 | 3 |
_aLa Provincia _b: dimensiones económica, informativa y sociológica |
|
| 260 |
_aBarcelona _c1966 _bInstituto de Ciencias Sociales. Diputación de Barcelona |
||
| 300 |
_a286 p ; _c27 cm |
||
| 490 | 0 |
_aColección de Ciencias Sociales _v3 |
|
| 650 | 0 | 4 |
_91524 _aPremsa _zCatalunya _xHistòria |
| 942 |
_cMON _2udc |
||
| 999 |
_c5077 _d5077 |
||